000 00783cam a2200229 a 4500
020 _a047125309X (set : alk. paper)
020 _a0471253235 (v. 1 : alk. paper)
020 _a0471253243 (v. 2 : alk. paper)
020 _a0471253251 (v. 3 : alk. paper)
040 _cDLC
082 0 0 _a371 JWI 2000 A021 Or.
245 0 0 _aEncyclopedia of special education :
_ba reference for the education of the handicapped and other exceptional children and adults /
250 _a2nd ed.
260 _aNew York :
_bJ. Wiley & Sons,
_cc2000.
300 _a3 v. :
_bill., ports. ;
_c29 cm.
650 0 _aChildren with disabilities
650 0 _aSpecial education
650 0 _aPeople with disabilities
700 1 _aReynolds, Cecil R.,
700 1 _aFletcher-Janzen, Elaine
942 _cEK
999 _c12491
_d12491